000 00439nam a2200169Ia 4500
001 15725
008 140403s9999 xx 000 0 und d
020 _a0-13-010222-9
040 _cPK-LaUMT
082 _a 004.66
_bTHO-F
100 _aRalph H. Thornburgh
245 _aFibre chaneel for mass storage
_cRalph H. Thornburgh
260 _aUpper Saddle River,USA:
_bPrentice Hall,
_c1999
300 _a135 p.
546 _aEN
942 _cBK
999 _c16206
_d16206